• 首页
  • 本馆介绍
  • 公告通知
  • 最新文献
  • 馆藏检索
  • 电子资源
  • 读者导购
  • 参考咨询
  • 我的图书馆
  • 登录
  • 详细信息显示
  • 放入我的书架
  • 预约/预借图书
  • 作者相关作品
  • 分类相关作品
  • 丛书相关作品
  • 出版社相关作品

书目信息

  • 表格格式
  • 工作单格式
  • 卡片格式
题名:
教育信息化进程中的教师领导力
    
 
作者: 孙祯祥, 著
分册:  
出版信息: 成都   电子科技大学出版社  2018
页数: 297页
开本: 24cm
丛书名:
单 册:
中图分类: G43
科图分类:
主题词: 教育工作--jiao yu gong zuo--信息化--研究
电子资源:
ISBN: 978-7-5647-5561-4
000 01247nam0 2200277 450
001 012001003311
005 20131012161859.0
010    @a978-7-5647-5561-4@dCNY69.00
099    @aCAL 012019017870
100    @a20181119d2018 em y0chiy50 ea
101 0  @achi
102    @aCN@b510000
105    @aak a 000yy
106    @ar
200 1  @a教育信息化进程中的教师领导力@Ajiao yu xin xi hua jin cheng zhong de jiao shi ling dao li@f孙祯祥著
210    @a成都@c电子科技大学出版社@d2018
215    @a297页@c图@d24cm
300    @a国家社科基金教育学项目“校长信息化领导力研究” (BHA110042) 研究成果
314    @a孙祯祥, 浙江师范大学教育学院教授, 硕士生导师。
320    @a有书目 (第257-268页)
330    @a本书综合以往学界对教师领导力以及教师信息化能力等相关研究, 在理论和实践研究的基础上, 首次提出了教育信息化进程中教师领导力即教师信息化领导力的概念, 并从教师信息化领导力的内涵与理论模型、教师信息化领导力的评价指标体系、教师信息化领导力的实践策略等三个方向展开研究, 初步构建了教师信息化领导力的理论体系、评价体系和教师信息化领导力的实践提升策略。
606 0  @a教育工作@Ajiao yu gong zuo@x信息化@x研究
690    @aG43@v5
701  0 @a孙祯祥,@Asun zhen xiang@f1953-@4著
801    @b江苏凤凰@c20191020
905    @b1232572-7@dG43@e185@f6
    
    教育信息化进程中的教师领导力/孙祯祥著.-成都:电子科技大学出版社,2018
    297页:图;24cm
    国家社科基金教育学项目“校长信息化领导力研究” (BHA110042) 研究成果
    
    ISBN 978-7-5647-5561-4:CNY69.00
    本书综合以往学界对教师领导力以及教师信息化能力等相关研究, 在理论和实践研究的基础上, 首次提出了教育信息化进程中教师领导力即教师信息化领导力的概念, 并从教师信息化领导力的内涵与理论模型、教师信息化领导力的评价指标体系、教师信息化领导力的实践策略等三个方向展开研究, 初步构建了教师信息化领导力的理论体系、评价体系和教师信息化领导力的实践提升策略。
●
相关链接 在E读中查询图书 在五车中查询图书 在当当中查询图书 在豆瓣中查询图书


正题名:教育信息化进程中的教师领导力     索取号:G43/185         预约/预借

序号 登录号 条形码 馆藏地/架位号 状态 备注
1 1232572   212325722   第一样本阅览室/ [索取号:G43/185] 在馆    
2 1232573   212325731   教育系资料室/ [索取号:G43/185] 在馆    
3 1232574   212325740   教育系资料室/ [索取号:G43/185] 在馆    
4 1232575   212325759   教育系资料室/ [索取号:G43/185] 在馆    
5 1232576   212325768   第四借阅区/ [索取号:G43/185] 在馆    
6 1232577   212325777   第四借阅区/ [索取号:G43/185] 在馆    
唐山师范学院图书馆 欢迎您!
大连网信软件有限公司© 版权所有